000 00290nam a22001337a 4500
008 180301b xxu||||| |||| 00| 0 eng d
020 _a2901581525860
041 _aeng
080 _22nd
_a37
100 _a25
101 _aEDU
245 _aHumanities base text
_cDayton
942 _2udc
_cBK
999 _c43877
_d43877